Opis pracovných miest ako súčasť organizačnej štruktúry v podniku bakalárska práca

Saved in:
Bibliographic Details
Main Author: Sabolová, Soňa
Corporate Author: Podnikovohospodárska fakulta EU so sídlom v Košiciach. Katedra obchodného podnikania
Other Authors: Janošková, Mária Ria, 1965-
Format: Book
Language:Slovak
Published: Košice 2025
Tags: Add Tag
No Tags, Be the first to tag this record!

MARC

LEADER 00000nbm a2200000 4500
001 0310926
005 20260327133939.9
041 0 |a slo 
044 |a SK 
245 1 0 |a Opis pracovných miest ako súčasť organizačnej štruktúry v podniku  |b bakalárska práca  |c Soňa Sabolová ; školiteľ: Mária Ria Janošková 
264 1 |a Košice  |c 2025 
300 |a 42 s. 
100 1 |a Sabolová, Soňa 
700 1 |a Janošková, Mária Ria, 1965- 
710 2 |a Podnikovohospodárska fakulta EU so sídlom v Košiciach. Katedra obchodného podnikania